Normal view
MARC view
- DME.TEXTBOOK CALCULUS
Entry Topical Term
001 - CONTROL NUMBER
- control field: 111612
003 - CONTROL NUMBER IDENTIFIER
- control field: NUST
005 - DATE AND TIME OF LATEST TRANSACTION
- control field: 20230330132327.0
008 - FIXED-LENGTH DATA ELEMENTS
- fixed length control field: 230330|| aca||aabn | a|a d
040 ## - CATALOGING SOURCE
- Original cataloging agency: NUST
- Transcribing agency: NUST
150 ## - HEADING--TOPICAL TERM
- Topical term or geographic name entry element: DME.TEXTBOOK CALCULUS
670 ## - SOURCE DATA FOUND
- Source citation: Work cat.: (NUST): Hass, Joel, Thomas Calculus, 2017.
